[Event "Wch Seniors 50 28th"]
[Site "Bled"]
[Date "2018.11.26"]
[Round "8"]
[White "Bulgarini Torre, Marco"]
[Black "Hoffmann, Michael3333"]
[Result "1-0"]
[WhiteElo "1863"]
[BlackElo "1970"]
[PlyCount "105"]
[EventDate "2018.11.18"]
[EventType "swiss"]
[EventRounds "11"]
[EventCountry "SLO"]
[SourceTitle "CBM 187 Extra"]
[Source "ChessBase"]
[SourceDate "2018.11.04"]
[SourceVersion "1"]
[SourceVersionDate "2018.11.04"]
[SourceQuality "1"]

1. e4 c5 2. Nc3 Nc6 3. g3 g6 4. Bg2 Bg7 5. d3 d6 6. Nh3 e6 7. Be3 Nge7 8. Qd2 h6 9. Nf4 b6 10. h4 Qd7 11. 0-0-0 Bb7 12. Kb1 0-0-0 13. h5 g5 14. Nfe2 Nd4 15. f4 gxf4 16. Nxf4 Nec6 17. a3 Kb8 18. Rdf1 Ne5 19. Qd1 Rc8 20. Rf2 Rc7 21. Rhf1 Rhc8 22. Bh3 Qe8 23. g4 Ba6 24. Bg2 b5 25. Bxd4 cxd4 26. Na2 Bb7 27. Nh3 a5 28. Nc1 Qc6 29. Nb3 Qb6 30. g5 a4 31. Na1 b4 32. axb4 Qxb4 33. g6 fxg6 34. hxg6 Nxg6 35. Rf7 Ne5 36. Rxc7 Rxc7 37. Nf4 Bc8 38. Bh3 Rb7 39. Qc1 Ra7 40. Bxe6 Bxe6 41. Nxe6 a3 42. Nb3 Nxd3 43. Qd2 Qxd2 44. Nxd2 Nxb2 45. Rg1 Be5 46. Ka2 Na4 47. Rg8+ Kb7 48. Nc4 Nc3+ 49. Ka1 Nxe4 50. Nd8+ Ka6 51. Nc6 Kb5 52. N4xe5 Rc7 53. Nxd4+ 1-0

[Event "Bled Planinc Memorial 1st"]
[Site "Bled"]
[Date "2018.11.24"]
[Round "1"]
[White "Arkell, Keith C"]
[Black "Bulgarini Torre, Marco"]
[Result "1-0"]
[WhiteElo "2443"]
[BlackElo "1863"]
[PlyCount "67"]
[EventDate "2018.11.24"]
[EventType "swiss (blitz)"]
[EventRounds "9"]
[EventCountry "SLO"]
[SourceTitle "CBM 187 Extra"]
[Source "ChessBase"]
[SourceDate "2018.11.04"]
[SourceVersion "1"]
[SourceVersionDate "2018.11.04"]
[SourceQuality "1"]

1. d4 Nf6 2. Nf3 c5 3. d5 e6 4. Nc3 exd5 5. Nxd5 Nxd5 6. Qxd5 Nc6 7. e4 d6 8. Bc4 Be6 9. Qd3 Bxc4 10. Qxc4 Be7 11. 0-0 0-0 12. Bf4 Qc7 13. Qxc5 Rac8 14. Qb5 a6 15. Qe2 Bf6 16. c3 Rfe8 17. Qd3 Rcd8 18. Rad1 Ne5 19. Bxe5 dxe5 20. Qc2 Qc6 21. g3 h6 22. a4 g5 23. h3 Kg7 24. Kg2 b5 25. axb5 axb5 26. Qe2 Ra8 27. Rd5 Rab8 28. Rfd1 b4 29. c4 b3 30. Nh2 Rb4 31. c5 Rb5 32. Ng4 Re6 33. Rd6 Qxc5 34. R6d5 1-0

[Event "Wch Seniors 50 28th"]
[Site "Bled"]
[Date "2018.11.23"]
[Round "6"]
[White "Smith, Peter R"]
[Black "Bulgarini Torre, Marco"]
[Result "0-1"]
[WhiteElo "2049"]
[BlackElo "1863"]
[PlyCount "80"]
[EventDate "2018.11.18"]
[EventType "swiss"]
[EventRounds "11"]
[EventCountry "SLO"]
[SourceTitle "CBM 187 Extra"]
[Source "ChessBase"]
[SourceDate "2018.11.04"]
[SourceVersion "1"]
[SourceVersionDate "2018.11.04"]
[SourceQuality "1"]

1. Nf3 d5 2. b3 c5 3. Bb2 Nc6 4. e3 Nf6 5. Bb5 Bg4 6. Bxc6+ bxc6 7. h3 Bh5 8. g4 Bg6 9. Ne5 Qc7 10. d3 e6 11. Nd2 Nd7 12. Nxd7 Qxd7 13. e4 h5 14. Qf3 hxg4 15. hxg4 Rxh1+ 16. Qxh1 f6 17. 0-0-0 0-0-0 18. f4 Bd6 19. e5 Be7 20. Qh2 Rf8 21. Rh1 Bd8 22. Qg3 Ba5 23. Nf3 Qb7 24. exf6 gxf6 25. Rh6 Qg7 26. Qh4 Bc7 27. g5 d4 28. gxf6 Rxf6 29. Ne5 Bxe5 30. fxe5 Rf1+ 31. Kd2 Bf5 32. Rh8+ Kb7 33. Bxd4 cxd4 34. Qxd4 Qxh8 35. Qd7+ Kb6 36. Qd4+ Ka6 37. Qc4+ Kb7 38. Qb4+ Ka8 39. Ke2 Rh1 40. Qc5 Qh2+ 0-1

[Event "Wch Seniors 50 28th"]
[Site "Bled"]
[Date "2018.11.19"]
[Round "2"]
[White "Schmuki, Roman"]
[Black "Bulgarini Torre, Marco"]
[Result "1/2-1/2"]
[WhiteElo "2011"]
[BlackElo "1863"]
[PlyCount "62"]
[EventDate "2018.11.18"]
[EventType "swiss"]
[EventRounds "11"]
[EventCountry "SLO"]
[SourceTitle "CBM 187 Extra"]
[Source "ChessBase"]
[SourceDate "2018.11.04"]
[SourceVersion "1"]
[SourceVersionDate "2018.11.04"]
[SourceQuality "1"]

1. e4 e6 2. d4 d5 3. exd5 exd5 4. c4 Bb4+ 5. Nc3 Nf6 6. Bd3 Bxc3+ 7. bxc3 0-0 8. Ne2 Re8 9. 0-0 Nbd7 10. cxd5 Nxd5 11. Bd2 c6 12. Qc2 Nf8 13. c4 Nf6 14. h3 Ne6 15. Be3 Qd6 16. Rfd1 Bd7 17. Rab1 b6 18. Nc3 h6 19. Ne4 Nxe4 20. Bxe4 Ng5 21. Bxg5 hxg5 22. Rb3 Rad8 23. Rg3 Qf4 24. Bh7+ Kh8 25. Rf3 Qh4 26. Bf5 f6 27. Bxd7 Rxd7 28. d5 cxd5 29. cxd5 Qb4 30. Rc3 Qf4 31. g3 Qd6 1/2-1/2

[Event "CHI-ch sf"]
[Site "Quilpue"]
[Date "2018.01.20"]
[Round "6"]
[White "Bulgarini Torre, Marco"]
[Black "Sanchez Alarcon, Juan"]
[Result "0-1"]
[WhiteElo "1926"]
[BlackElo "2248"]
[PlyCount "48"]
[EventDate "2018.01.18"]
[EventType "swiss"]
[EventRounds "8"]
[EventCountry "CHI"]
[SourceTitle "CBM 182 Extra"]
[Source "ChessBase"]
[SourceDate "2018.02.23"]
[SourceVersion "1"]
[SourceVersionDate "2018.02.23"]
[SourceQuality "1"]

1. e4 c5 2. Nc3 Nc6 3. g3 e6 4. Bg2 Nf6 5. Nge2 d5 6. exd5 exd5 7. d4 cxd4 8. Nxd4 Bg4 9. Qd3 Qd7 10. 0-0 Be7 11. Re1 0-0 12. Bg5 Rfe8 13. a3 h6 14. Rxe7 Qxe7 15. Be3 Ne5 16. Qb5 a6 17. Qb3 Nc4 18. Re1 Nxe3 19. Rxe3 Qc5 20. Rxe8+ Rxe8 21. Nf3 d4 22. Na4 Qf5 23. h3 Bxf3 24. Qxf3 Qxc2 0-1

[Event "WC-2017-Q-00013"]
[Site "LSS email"]
[Date "2017.08.22"]
[Round "?"]
[White "Bulgarini Torre, Marco"]
[Black "Roques, Pascal"]
[Result "1/2-1/2"]
[WhiteElo "2195"]
[BlackElo "2327"]
[PlyCount "120"]
[EventDate "2017.09.01"]
[EventType "tourn (corr)"]
[EventRounds "12"]
[EventCountry "GER"]
[SourceTitle "Corr 2022"]
[Source "ChessBase"]
[SourceDate "2021.10.24"]
[SourceVersion "1"]
[SourceVersionDate "2021.10.24"]
[SourceQuality "1"]

1. e4 c5 2. Nc3 d6 3. g3 Nc6 4. Bg2 g6 5. d3 Bg7 6. Nh3 e6 7. 0-0 Nge7 8. Be3 b6 9. Qd2 h6 10. Rae1 Bb7 11. f4 Qd7 12. Nb5 0-0-0 13. c3 Kb8 14. d4 Ba6 15. a4 cxd4 16. cxd4 Na5 17. Qd3 Rc8 18. b3 f5 19. Nf2 d5 20. e5 Nec6 21. Rc1 Nb4 22. Qe2 Rhe8 23. Bf3 Bxb5 24. axb5 Bf8 25. Qb2 Qxb5 26. Be2 Qd7 27. Bd2 Rxc1 28. Rxc1 Rc8 29. Rc3 Kb7 30. Nd3 Rxc3 31. Bxc3 Nac6 32. Ne1 g5 33. fxg5 hxg5 34. h3 Qh7 35. Kg2 a6 36. Qb1 Qh6 37. Nd3 b5 38. Bd2 Qg7 39. Be3 Be7 40. Bf2 Nxd3 41. Qxd3 Bd8 42. Qd2 Bb6 43. Bh5 Qe7 44. Bd1 Qa3 45. Qxg5 Qa1 46. Qd2 Ba5 47. Qd3 Bc3 48. g4 Nb4 49. Qe2 Bxd4 50. Be1 Nc6 51. gxf5 exf5 52. h4 Bxe5 53. h5 Qd4 54. Qd2 Bf4 55. Qxd4 Nxd4 56. Bf2 Ne6 57. Kf3 Bh6 58. Be3 f4 59. Bf2 a5 60. Kg4 Ng7 1/2-1/2

[Event "WC-2017-Q-00013"]
[Site "LSS email"]
[Date "2017.08.22"]
[Round "?"]
[White "Narkun, Michal"]
[Black "Bulgarini Torre, Marco"]
[Result "1/2-1/2"]
[WhiteElo "2434"]
[BlackElo "2195"]
[PlyCount "77"]
[EventDate "2017.09.01"]
[EventType "tourn (corr)"]
[EventRounds "12"]
[EventCountry "GER"]
[SourceTitle "Corr 2022"]
[Source "ChessBase"]
[SourceDate "2021.10.24"]
[SourceVersion "1"]
[SourceVersionDate "2021.10.24"]
[SourceQuality "1"]

1. d4 Nf6 2. c4 c5 3. d5 d6 4. Nc3 g6 5. e4 Bg7 6. Bd3 0-0 7. Nge2 e6 8. 0-0 Ng4 9. Nf4 Nf6 10. Rb1 exd5 11. Nfxd5 Nxd5 12. Nxd5 Nc6 13. Be3 Be6 14. Qd2 Ne5 15. Be2 Bxd5 16. exd5 f5 17. h3 Qf6 18. g3 Rfe8 19. Kg2 Nd7 20. Rfe1 Qf7 21. Bd3 Ne5 22. Bf1 Nd7 23. a3 Be5 24. Bg5 b6 25. a4 Rac8 26. b3 Bf6 27. Be3 Be5 28. Rbc1 Rf8 29. Be2 Rce8 30. Bf3 f4 31. gxf4 Bxf4 32. Bg4 Bxe3 33. Rxe3 Kg7 34. Be6 Qe7 35. Bxd7 Qxd7 36. Qc3+ Kf7 37. Rce1 Rxe3 38. Rxe3 Qd8 39. Kf1 1/2-1/2

[Event "WC-2017-Q-00013"]
[Site "LSS email"]
[Date "2017.08.22"]
[Round "?"]
[White "Sidenko, Anatoly"]
[Black "Bulgarini Torre, Marco"]
[Result "1/2-1/2"]
[WhiteElo "2403"]
[BlackElo "2195"]
[PlyCount "64"]
[EventDate "2017.09.01"]
[EventType "tourn (corr)"]
[EventRounds "12"]
[EventCountry "GER"]
[SourceTitle "Corr 2022"]
[Source "ChessBase"]
[SourceDate "2021.10.24"]
[SourceVersion "1"]
[SourceVersionDate "2021.10.24"]
[SourceQuality "1"]

1. d4 Nf6 2. c4 c5 3. d5 e6 4. Nc3 exd5 5. cxd5 d6 6. Nf3 g6 7. Bf4 Bg7 8. Qa4+ Bd7 9. Qb3 b5 10. Nxb5 Bxb5 11. Qxb5+ Nbd7 12. Bxd6 Ne4 13. Be5 0-0 14. Bxg7 Kxg7 15. Qa4 Rb8 16. Qxe4 Qa5+ 17. Nd2 Rxb2 18. Rd1 Nf6 19. Qd3 Rc8 20. e4 c4 21. Qd4 c3 22. Bd3 cxd2+ 23. Ke2 Rxa2 24. f3 Re8 25. d6 Qd5 26. Ke3 Ra3 27. Ra1 Rxa1 28. Rxa1 Qg5+ 29. Kf2 Qh4+ 30. Kf1 Rc8 31. Bc4 Qxh2 32. e5 Qh1+ 1/2-1/2

[Event "Villa Martelli zt 2.5"]
[Site "Villa Martelli"]
[Date "2017.05.03"]
[Round "4"]
[White "Falcon, Benjamin"]
[Black "Bulgarini Torre, Marco"]
[Result "0-1"]
[WhiteElo "2098"]
[BlackElo "1869"]
[PlyCount "62"]
[EventDate "2017.04.30"]
[EventType "swiss"]
[EventRounds "9"]
[EventCountry "ARG"]
[SourceTitle "CBM 178 Extra"]
[Source "ChessBase"]
[SourceDate "2017.06.22"]
[SourceVersion "1"]
[SourceVersionDate "2017.06.22"]
[SourceQuality "1"]

1. e4 e6 2. d4 d5 3. Nd2 Nc6 4. Ngf3 Nf6 5. e5 Nd7 6. Nb3 f6 7. Bb5 a5 8. a4 fxe5 9. dxe5 Be7 10. Nbd4 Ndb8 11. 0-0 0-0 12. c3 Bd7 13. Bd3 Na6 14. Qc2 h6 15. Qe2 Nc5 16. Bc2 Qe8 17. Nb5 Rc8 18. Bd2 Qh5 19. Rae1 Be8 20. Nfd4 Qh4 21. Nxc6 Bxc6 22. Na7 Rb8 23. Nxc6 bxc6 24. b4 axb4 25. cxb4 Nd7 26. Qd3 Rf5 27. g3 Qh3 28. f3 Rxb4 29. Bxb4 Bxb4 30. Re2 Bc5+ 31. Kh1 Qxf1# 0-1

[Event "Santiago IRT"]
[Site "Santiago de Chile"]
[Date "2017.04.14"]
[Round "3.3"]
[White "Bulgarini Torre, Marco"]
[Black "Travnicek, Krystof Mikulas"]
[Result "1-0"]
[WhiteElo "1890"]
[BlackElo "1657"]
[PlyCount "87"]
[EventDate "2017.04.14"]
[EventType "swiss"]
[EventRounds "5"]
[EventCountry "CHI"]
[SourceTitle "EXT 2024"]
[Source "ChessBase"]
[SourceDate "2023.10.10"]
[SourceVersion "1"]
[SourceVersionDate "2023.10.10"]
[SourceQuality "1"]

1. e4 c6 2. d4 d5 3. exd5 cxd5 4. Bd3 Nf6 5. Bf4 Nc6 6. c3 Bg4 7. Qb3 Qb6 8. Qxb6 axb6 9. Nd2 e6 10. Ngf3 Be7 11. Ne5 Nxe5 12. dxe5 Nd7 13. Bb5 0-0-0 14. a4 Kc7 15. 0-0 Nb8 16. Be3 Nc6 17. f4 Bc5 18. Bxc5 bxc5 19. b4 cxb4 20. cxb4 Nxb4 21. Rfc1+ Kb8 22. Rab1 Na2 23. Rc2 Bf5 24. Rxa2 Bxb1 25. Nxb1 Rc8 26. Na3 Rc3 27. Be2 f6 28. Nb5 Rc1+ 29. Kf2 fxe5 30. fxe5 Rf8+ 31. Kg3 Rf5 32. Nd6 Rc3+ 33. Bf3 Rxe5 34. Rb2 Rc7 35. a5 Ka8 36. Kf4 Re1 37. Be2 e5+ 38. Kf5 Re7 39. a6 bxa6 40. Bxa6 Ra1 41. Bb7+ Kb8 42. Bxd5+ Kc7 43. Ne4 Rf1+ 44. Kg4 1-0